Histoire de l'Autriche
Guardado en:
| Autor principal: | |
|---|---|
| Formato: | Libro |
| Lenguaje: | francés |
| Publicado: |
París
Presses Universitaires de France
1946
|
| Colección: | Que Sais-Je ?
|
| Materias: | |
| Etiquetas: |
Agregar Etiqueta
Sin Etiquetas, Sea el primero en etiquetar este registro!
|
MARC
| LEADER | 00000nam a2200000 a 4500 | ||
|---|---|---|---|
| 001 | UCO0759 | ||
| 003 | CL-VaPUC | ||
| 008 | 000428e19460000FR |||||||||||||||||fre|d | ||
| 082 | 0 | 4 | |a 943 |b DRO |2 21 |
| 100 | 0 | |a Droz, Jacques |e author |9 442228 | |
| 245 | 1 | 0 | |a Histoire de l'Autriche |
| 300 | |a 126 p | ||
| 942 | |c BK | ||
| 945 | |d 20000428 00:00:00 |a rherrera | ||
| 260 | |a París |b Presses Universitaires de France |c 1946 | ||
| 600 | 0 | 7 | |a JOSE II |2 CL-VaPUC |9 441501 |
| 600 | 0 | 7 | |a FRANCISCO I |2 CL-VaPUC |9 367891 |
| 650 | 0 | |a Historia de Alemania |9 431857 | |
| 650 | 7 | |a IMPERIO ALEMAN |2 CL-VaPUC |9 440857 | |
| 650 | 0 | |a Primera Guerra Mundial |9 373283 | |
| 650 | 7 | |a SIGLOS 18-20 |2 CL-VaPUC |9 379696 | |
| 651 | 0 | |a Alemania |9 255688 | |
| 583 | |a last modification |c 20000428 00:00:00 |k Rodrigo Vera | ||
| 490 | 0 | |a Que Sais-Je ? | |
| 999 | |c 287406 |d 287404 | ||
| 952 | |0 0 |1 0 |4 0 |6 943_000000000000000_DRO_1946 |7 0 |8 X |9 334247 |a BIBHIS |b BIBHIS |d 2019-11-20 |i 1265911 |o 943 DRO 1946 |p 1265911 |r 2024-01-30 |w 2019-11-20 |y BK_X |k HIS | ||